<?xml version="1.0" encoding="UTF-8"?>
<collection xmlns="http://www.loc.gov/MARC21/slim">
<record>
  <controlfield tag="001">163854</controlfield>
  <controlfield tag="005">20260506141200.0</controlfield>
  <datafield tag="024" ind1="7" ind2=" ">
    <subfield code="2">doi</subfield>
    <subfield code="a">10.1007/s00421-025-05947-3</subfield>
  </datafield>
  <datafield tag="024" ind1="8" ind2=" ">
    <subfield code="2">sideral</subfield>
    <subfield code="a">146048</subfield>
  </datafield>
  <datafield tag="037" ind1=" " ind2=" ">
    <subfield code="a">ART-2026-146048</subfield>
  </datafield>
  <datafield tag="041" ind1=" " ind2=" ">
    <subfield code="a">eng</subfield>
  </datafield>
  <datafield tag="100" ind1=" " ind2=" ">
    <subfield code="a">Baltasar-Fernández, Iván</subfield>
  </datafield>
  <datafield tag="245" ind1=" " ind2=" ">
    <subfield code="a">Changes and major determinants of relative muscle power loss in older adults: results from an 8-year longitudinal study</subfield>
  </datafield>
  <datafield tag="260" ind1=" " ind2=" ">
    <subfield code="c">2026</subfield>
  </datafield>
  <datafield tag="520" ind1="3" ind2=" ">
    <subfield code="a">Objectives: This study aimed to evaluate longitudinal changes in relative sit-to-stand power (STSpower) in older adults and investigate contributing factors to its decline. Methods: 565 older adults (143 men and 422 women; ≥ 65 years) were tested at baseline and after 8 years of follow-up. Relative STSpower was estimated from the 30-s STS test using the Alcazar equation while body composition was assessed using bioelectrical impedance analysis. The basic components of relative STSpower (specific STSpower, leg muscle mass, body fat mass and fat-free mass) were calculated. Factors such as medication intake and daily walking and sitting time were recorded. Results: Relative STSpower declined significantly in both sexes, with greater reductions in men than women (11.8 vs 8.0%, p = 0.024). Losses were greater in men and women aged ≥75 years (− 2.0% and − 2.0%∙year−1, respectively) compared to those aged 65–69 years (− 1.1% and − 0.7% year−1, respectively). Approximately 95% of the average decline in relative STSpower was attributed to reductions in specific STSpower, while the remaining 5% was explained by the loss of leg muscle mass. Medication intake was associated with an increased risk of decreasing power in women (OR = 1.87, p = 0.049), while a trend was shown in men (OR = 2.58; p = 0.052). Sedentary time showed a tendency only in women (OR = 1.73; p = 0.085). Conclusion: Relative STSpower decreased progressively with aging, but differently in older men and women. This decline was primarily driven by reductions in specific STSpower, while the loss in leg muscle mass contributed to a lesser extent. Medication and sedentary time may influence power loss.</subfield>
  </datafield>
  <datafield tag="536" ind1=" " ind2=" ">
    <subfield code="9">info:eu-repo/grantAgreement/ES/AEI/RED2022-134800-T</subfield>
    <subfield code="9">info:eu-repo/grantAgreement/ES/ISCIII/CB16-10-00477</subfield>
    <subfield code="9">info:eu-repo/grantAgreement/ES/MCD/EXP 104961</subfield>
    <subfield code="9">info:eu-repo/grantAgreement/ES/MCD/EXP 99828</subfield>
    <subfield code="9">info:eu-repo/grantAgreement/ES/MECD/EXERNET-DEP2005-00046</subfield>
    <subfield code="9">info:eu-repo/grantAgreement/ES/MECD/09-UPB-19</subfield>
    <subfield code="9">info:eu-repo/grantAgreement/ES/MECD/27-UPB-21</subfield>
    <subfield code="9">info:eu-repo/grantAgreement/ES/MECD/29-UPB-22</subfield>
    <subfield code="9">info:eu-repo/grantAgreement/ES/MECD/45-UPB-20</subfield>
    <subfield code="9">info:eu-repo/grantAgreement/ES/MECD/5-UPB-23</subfield>
  </datafield>
  <datafield tag="540" ind1=" " ind2=" ">
    <subfield code="9">info:eu-repo/semantics/closedAccess</subfield>
    <subfield code="a">All rights reserved</subfield>
    <subfield code="u">http://www.europeana.eu/rights/rr-f/</subfield>
  </datafield>
  <datafield tag="655" ind1=" " ind2="4">
    <subfield code="a">info:eu-repo/semantics/article</subfield>
    <subfield code="v">info:eu-repo/semantics/publishedVersion</subfield>
  </datafield>
  <datafield tag="700" ind1=" " ind2=" ">
    <subfield code="a">Alcázar, Julián</subfield>
  </datafield>
  <datafield tag="700" ind1=" " ind2=" ">
    <subfield code="a">Gómez-Cabello, Alba</subfield>
    <subfield code="0">(orcid)0000-0001-6492-2512</subfield>
  </datafield>
  <datafield tag="700" ind1=" " ind2=" ">
    <subfield code="a">Moradell, Ana</subfield>
    <subfield code="u">Universidad de Zaragoza</subfield>
    <subfield code="0">(orcid)0000-0003-0330-5558</subfield>
  </datafield>
  <datafield tag="700" ind1=" " ind2=" ">
    <subfield code="a">Pedrero Chamizo, Raquel</subfield>
  </datafield>
  <datafield tag="700" ind1=" " ind2=" ">
    <subfield code="a">Alegre, Luis M.</subfield>
  </datafield>
  <datafield tag="700" ind1=" " ind2=" ">
    <subfield code="a">Villa-Vicente, José Gerardo</subfield>
  </datafield>
  <datafield tag="700" ind1=" " ind2=" ">
    <subfield code="a">Gusi, Narcís</subfield>
  </datafield>
  <datafield tag="700" ind1=" " ind2=" ">
    <subfield code="a">González-Gross, Marcela</subfield>
  </datafield>
  <datafield tag="700" ind1=" " ind2=" ">
    <subfield code="a">Casajús, José Antonio</subfield>
    <subfield code="u">Universidad de Zaragoza</subfield>
    <subfield code="0">(orcid)0000-0002-7215-6931</subfield>
  </datafield>
  <datafield tag="700" ind1=" " ind2=" ">
    <subfield code="a">Vicente-Rodríguez, Germán</subfield>
    <subfield code="u">Universidad de Zaragoza</subfield>
    <subfield code="0">(orcid)0000-0002-4303-4097</subfield>
  </datafield>
  <datafield tag="700" ind1=" " ind2=" ">
    <subfield code="a">Ara, Ignacio</subfield>
  </datafield>
  <datafield tag="710" ind1="2" ind2=" ">
    <subfield code="1">2008</subfield>
    <subfield code="2">640</subfield>
    <subfield code="a">Universidad de Zaragoza</subfield>
    <subfield code="b">Dpto. Produc.Animal Cienc.Ali.</subfield>
    <subfield code="c">Área Nutrición Bromatología</subfield>
  </datafield>
  <datafield tag="710" ind1="2" ind2=" ">
    <subfield code="1">1006</subfield>
    <subfield code="2">245</subfield>
    <subfield code="a">Universidad de Zaragoza</subfield>
    <subfield code="b">Dpto. Fisiatría y Enfermería</subfield>
    <subfield code="c">Área Educación Física y Depor.</subfield>
  </datafield>
  <datafield tag="773" ind1=" " ind2=" ">
    <subfield code="g">126 (2026), 1737-1750</subfield>
    <subfield code="p">EUR J APPL PHYSIOL</subfield>
    <subfield code="t">EUROPEAN JOURNAL OF APPLIED PHYSIOLOGY</subfield>
    <subfield code="x">1439-6319</subfield>
  </datafield>
  <datafield tag="856" ind1="4" ind2=" ">
    <subfield code="s">4285534</subfield>
    <subfield code="u">http://zaguan.unizar.es/record/163854/files/texto_completo.pdf</subfield>
    <subfield code="y">Versión publicada</subfield>
  </datafield>
  <datafield tag="856" ind1="4" ind2=" ">
    <subfield code="s">2575681</subfield>
    <subfield code="u">http://zaguan.unizar.es/record/163854/files/texto_completo.jpg?subformat=icon</subfield>
    <subfield code="x">icon</subfield>
    <subfield code="y">Versión publicada</subfield>
  </datafield>
  <datafield tag="909" ind1="C" ind2="O">
    <subfield code="o">oai:zaguan.unizar.es:163854</subfield>
    <subfield code="p">articulos</subfield>
    <subfield code="p">driver</subfield>
  </datafield>
  <datafield tag="951" ind1=" " ind2=" ">
    <subfield code="a">2026-05-06-14:10:09</subfield>
  </datafield>
  <datafield tag="980" ind1=" " ind2=" ">
    <subfield code="a">ARTICLE</subfield>
  </datafield>
</record>
</collection>